Nervous - The Neighbourhood (all lyrics) - Statistics

General Stats
  • This quiz has been taken 45 times
  • The average score is 352 of 441
Answer Stats
Answer % Correct
a
94%
all
94%
be
94%
I
94%
just
94%
Maybe
94%
me
94%
me,
94%
should
94%
Should
94%
the
94%
to
94%
when
94%
When
94%
who
94%
you
94%
You
94%
an
88%
anything
88%
around
88%
around,
88%
baby,
88%
do
88%
do,
88%
don't
88%
go
88%
got
88%
it
88%
it's
88%
It's
88%
nervous
88%
over
88%
say
88%
So
88%
so
88%
speak
88%
that
88%
try
88%
again
81%
And
81%
and
81%
and-
81%
at
81%
get
81%
I'm
81%
In
81%
in
81%
move
81%
my
81%
My
81%
not
81%
on
81%
on,
81%
perfect
81%
release
81%
shouldn't
81%
turnin'
81%
Come
75%
confess,
75%
end,
75%
fall
75%
if
75%
I've
75%
know
75%
Last
75%
last
75%
month
75%
obsessed
75%
started
75%
tell
75%
Tell
75%
urge
75%
week
75%
with
75%
word
75%
word,
75%
year
75%
another
69%
anymore
69%
anymore,
69%
face
69%
fell
69%
for
69%
quiet?
69%
quiet
69%
show
69%
surface
69%
which
69%
won't
69%
worth
69%
you're
69%
You've
69%
because
63%
capable
63%
change
63%
flat
63%
hold
63%
hope
63%
hug
63%
Hush,
63%
i'll
63%
itch
63%
Kiss
63%
knew
63%
need
63%
nothin',
63%
somethin'
63%
way
63%
would
63%
Ask
56%
been
56%
before
56%
give
56%
goosebumps
56%
hurt
56%
keep
56%
Mm,
56%
mm
56%
or
56%
same
56%
silent,
56%
tellin'
56%
trust
56%
tryin',
56%
wanna
56%
approach
50%
breathe
50%
different
50%
how
50%
switchin',
50%
throat
50%
was
50%
ya
50%
yeah
50%
hard
44%
love
44%
gotta
38%
have
38%
Uh
38%
uh
38%
like
31%
Well,
31%
mhm
25%
never
25%
sign
25%
days
19%
felt
19%
fine,
19%
short
19%
they
19%
nerves,
13%
No matching quizzes found
Score Distribution
Percent of People with Each Score
Percentile by Number Answered
Your Score History
You have not taken this quiz